000 01016nam a22003497a 4500
001 BR8600652
003 BR-BrBNA
005 20230928092228.0
007 ta
008 230509b bl.||||| |||| 00| 0 por d
040 _aBR-BrBNA
_bpor
_cBiblioteca Nacional de Agricultura
041 _a(Por)
072 _aE10; E20; E70
_b/G514
090 _ E10 BR8600652
100 1 _aAquino, D.F. de
110 1 _aCompanhia de Financiamento da Producao, Brasilia, DF (Brasil)
245 1 _aDespesas e receitas da Politica de Garantia de Precos Minimos 1979 a 1984
246 1 _a[Expenditures and budget of Minimal Price Policy 1979 to 1984]
260 3 _aBrasilia, DF (Brasil):
_c1985.
300 _a80 p.
500 _aNumerical data
650 _aPOLITICA DE ABASTECIMENTO
650 _aPRODUTO AGRICOLA
650 _aARMAZENAMENTO
650 _aESTOQUE
650 _aTRANSPORTE
650 _aRECEITA
650 _aDESPESA
650 _aVENDA
909 _a202309
_bLucia
_c55
_dLucia Elande
942 _cBK
999 _c37792
_d37792